[Event "Tatry op"]
[Site "Tatranske Zruby"]
[Date "2016.09.25"]
[Round "3"]
[White "Ramik, Zdenek"]
[Black "Jacko, Vladimir"]
[Result "1-0"]
[WhiteElo "2213"]
[BlackElo "2042"]
[PlyCount "55"]
[EventDate "2016.09.24"]
[EventType "swiss"]
[EventRounds "9"]
[EventCountry "SVK"]
[SourceTitle "CBM 174 Extra"]
[Source "ChessBase"]
[SourceDate "2016.10.10"]
[SourceVersion "1"]
[SourceVersionDate "2016.10.10"]
[SourceQuality "1"]

1. e4 c5 2. Nc3 Nc6 3. g3 g6 4. Bg2 Bg7 5. d3 h6 6. Be3 d6 7. Qd2 Nf6 8. h3 Be6 9. Nge2 Qd7 10. Nf4 0-0-0 11. a3 g5 12. Nxe6 fxe6 13. Rb1 e5 14. b4 cxb4 15. axb4 Nd4 16. Nd1 b6 17. c3 Ne6 18. Qa2 Kb8 19. Ra1 Nc5 20. bxc5 dxc5 21. Nb2 Qc7 22. Qb3 g4 23. h4 h5 24. 0-0 Bh6 25. Bxh6 Rxh6 26. Ra3 Rd7 27. Rfa1 Qc6 28. Nc4 1-0

[Event "SVK-chT 1415"]
[Site "Slovakia"]
[Date "2014.11.22"]
[Round "3.6"]
[White "Jacko, Vladimir"]
[Black "Karas, Marek"]
[Result "0-1"]
[WhiteElo "2062"]
[BlackElo "2170"]
[PlyCount "72"]
[EventDate "2014.10.25"]
[EventType "team-tourn"]
[EventRounds "11"]
[EventCountry "SVK"]
[SourceTitle "EXT 2016"]
[Source "ChessBase"]
[SourceDate "2015.10.08"]
[SourceVersion "1"]
[SourceVersionDate "2015.10.08"]
[SourceQuality "1"]
[WhiteTeam "Prakovce"]
[BlackTeam "Bratislava Doprastav"]
[WhiteTeamCountry "SVK"]
[BlackTeamCountry "SVK"]

1. Nf3 Nf6 2. g3 d5 3. Bg2 c5 4. 0-0 Nc6 5. d3 e5 6. e4 Be7 7. exd5 Nxd5 8. Re1 f6 9. Nc3 Be6 10. Nh4 Nxc3 11. bxc3 Qd7 12. f4 0-0 13. f5 Bf7 14. Be4 c4 15. Be3 cxd3 16. cxd3 Bd5 17. Qg4 Bxe4 18. dxe4 Rfd8 19. Rad1 Qc7 20. Ng6 Ba3 21. Rd5 Rxd5 22. exd5 Na5 23. Rd1 Nc4 24. Bf2 Bc5 25. Rf1 Ne3 26. Bxe3 Bxe3+ 27. Kg2 hxg6 28. fxg6 Qd6 29. c4 Re8 30. Qh3 Bh6 31. g4 e4 32. g5 fxg5 33. Qb3 b6 34. Qb5 Qxg6 35. d6 Qe6 36. Rd1 Qg4+ 0-1

[Event "Stara Lubovna Sorea op"]
[Site "Stara Lubovna"]
[Date "2014.09.04"]
[Round "2"]
[White "Jacko, Vladimir"]
[Black "Falticko, Pavol"]
[Result "1-0"]
[WhiteElo "2272"]
[BlackElo "1934"]
[PlyCount "113"]
[EventDate "2014.09.04"]
[EventType "swiss"]
[EventRounds "7"]
[EventCountry "SVK"]
[SourceTitle "CBM 162 Extra"]
[Source "ChessBase"]
[SourceDate "2014.10.17"]
[SourceVersion "1"]
[SourceVersionDate "2014.10.17"]
[SourceQuality "1"]

1. d4 d5 2. Nf3 Nf6 3. c4 e6 4. Nc3 c6 5. e3 Bd6 6. Be2 Nbd7 7. 0-0 0-0 8. b3 a6 9. Qc2 b5 10. e4 e5 11. cxd5 cxd5 12. Nxd5 Nxd5 13. exd5 Bb7 14. dxe5 Bxe5 15. Nxe5 Nxe5 16. Rd1 Qd6 17. Bb2 Rfe8 18. Qc3 f6 19. Rd2 Rad8 20. Rad1 Ng6 21. g3 Ne5 22. f4 Nd7 23. Bf3 Nb6 24. Qd4 Nc8 25. Bc3 Qb6 26. Qxb6 Nxb6 27. Ba5 Rd6 28. Bb4 Rdd8 29. Bc5 Nc8 30. Bg4 Nd6 31. Bb6 Ra8 32. Bc7 f5 33. Bh5 g6 34. Bxg6 hxg6 35. Bxd6 Rad8 36. Be5 Rd7 37. Kf2 Red8 38. d6 Rc8 39. Ke3 Kf7 40. Rg1 Ke6 41. Kd4 Rh7 42. Re1 Kd7 43. Ree2 Be4 44. h4 Rc1 45. Rxe4 fxe4 46. Kxe4 Rf7 47. Kd5 Rf8 48. g4 Rfc8 49. h5 gxh5 50. g5 R8c2 51. Rxc2 Rxc2 52. g6 Rxa2 53. g7 Rd2+ 54. Ke4 Rg2 55. f5 h4 56. f6 h3 57. f7 1-0

[Event "SVK-ch U20"]
[Site "Martin"]
[Date "2013.04.26"]
[Round "9"]
[White "Jacko, Vladimir"]
[Black "Petenyi, Tamas"]
[Result "1/2-1/2"]
[WhiteElo "2316"]
[BlackElo "2452"]
[PlyCount "60"]
[EventDate "2013.04.19"]
[EventType "tourn"]
[EventRounds "9"]
[EventCountry "SVK"]
[EventCategory "1"]
[SourceTitle "CBM 154 Extra"]
[Source "ChessBase"]
[SourceDate "2013.06.25"]
[SourceVersion "2"]
[SourceVersionDate "2013.06.25"]
[SourceQuality "1"]

1. e4 e6 2. d4 d5 3. Nc3 Nc6 4. Nf3 Nf6 5. e5 Ne4 6. Bb5 Bb4 7. Bd2 Bd7 8. Bd3 Nxd2 9. Qxd2 f6 10. a3 Bxc3 11. Qxc3 fxe5 12. dxe5 0-0 13. 0-0-0 Qe7 14. h4 Rf4 15. Ng5 h6 16. Nh3 Rff8 17. g3 b6 18. Nf4 Qc5 19. Qxc5 bxc5 20. Bb5 Rae8 21. Rhe1 Nb8 22. Be2 Bc8 23. Bh5 Rd8 24. Bg4 Rfe8 25. Bh5 Rf8 26. Bg4 Rfe8 27. Bh5 Rf8 28. Bg4 Rfe8 29. Bh5 Rf8 30. Bg4 Rfe8 1/2-1/2

[Event "SVK-ch U20"]
[Site "Martin"]
[Date "2013.04.21"]
[Round "3"]
[White "Druska, Juraj"]
[Black "Jacko, Vladimir"]
[Result "1-0"]
[WhiteElo "2383"]
[BlackElo "2316"]
[PlyCount "63"]
[EventDate "2013.04.19"]
[EventType "tourn"]
[EventRounds "9"]
[EventCountry "SVK"]
[EventCategory "1"]
[SourceTitle "CBM 154 Extra"]
[Source "ChessBase"]
[SourceDate "2013.06.25"]
[SourceVersion "2"]
[SourceVersionDate "2013.06.25"]
[SourceQuality "1"]

1. d4 Nf6 2. Nf3 g6 3. g3 Bg7 4. Bg2 0-0 5. 0-0 c6 6. c4 d6 7. Nc3 Qa5 8. h3 Nbd7 9. e4 e5 10. Re1 Re8 11. a3 Qc7 12. b4 Nf8 13. Be3 exd4 14. Nxd4 Be6 15. Qb3 Rad8 16. Nxe6 Nxe6 17. Rad1 Kh8 18. Rd2 Ng8 19. Red1 Ne7 20. Ne2 c5 21. bxc5 dxc5 22. Rxd8 Rxd8 23. Rxd8+ Nxd8 24. Nf4 Ne6 25. Nxe6 fxe6 26. Qb5 Bd4 27. Qe8+ Kg7 28. Bf4 e5 29. Bh6+ Kf6 30. h4 Ke6 31. Bh3+ Kd6 32. Bf8 1-0

[Event "SVK-ch op-A"]
[Site "Banska Stiavnica"]
[Date "2012.07.10"]
[Round "4"]
[White "Wozniak, Mariola"]
[Black "Jacko, Vladimir"]
[Result "1-0"]
[WhiteElo "1891"]
[BlackElo "2314"]
[PlyCount "125"]
[EventDate "2012.07.07"]
[EventType "swiss"]
[EventRounds "9"]
[EventCountry "SVK"]
[SourceTitle "CBM 149 Extra"]
[Source "ChessBase"]
[SourceDate "2012.08.24"]
[SourceVersion "1"]
[SourceVersionDate "2012.08.24"]
[SourceQuality "1"]

1. e4 c5 2. Nf3 Nc6 3. d4 cxd4 4. Nxd4 g6 5. Nc3 Bg7 6. Be3 Nf6 7. Bc4 Qa5 8. 0-0 0-0 9. Bb3 d6 10. h3 Bd7 11. Re1 Rfc8 12. Qe2 Qh5 13. Nf3 h6 14. Rad1 g5 15. Nd5 Nxe4 16. Bd4 e5 17. Qxe4 exd4 18. Nxd4 Re8 19. Qf3 Qxf3 20. Nxf3 Rxe1+ 21. Nxe1 Bxb2 22. c3 Kg7 23. Nc7 Rc8 24. Nb5 Ne5 25. Nxd6 Rxc3 26. Nxf7 Rc7 27. Nxe5 Bxe5 28. Nd3 Bc3 29. Nc5 Bc8 30. Ne6+ Bxe6 31. Bxe6 Kf6 32. Bb3 Be5 33. Kf1 b5 34. Rd5 a6 35. Ke2 h5 36. Kf3 h4 37. Ke2 Kf5 38. g3 hxg3 39. fxg3 Ke4 40. h4 g4 41. Rd3 Bd4 42. Bd1 Rf7 43. Ra3 Rf6 44. Kd2 Rf2+ 45. Ke1 Rh2 46. Bxg4 a5 47. Bf3+ Ke5 48. Kf1 a4 49. Bg2 Bb6 50. Rd3 Bd4 51. a3 b4 52. axb4 Bb6 53. Ra3 Kf5 54. Rxa4 Kg4 55. Ra6 Bd4 56. Rg6+ Kf5 57. Rd6 Be3 58. b5 Kg4 59. Rg6+ Kf5 60. Rg8 Bd4 61. Rg5+ Kf6 62. Rd5 Be3 63. b6 1-0

[Event "SVK-chT1E 1112"]
[Site "Slovakia"]
[Date "2012.03.03"]
[Round "10.2"]
[White "Kamody, Mario"]
[Black "Jacko, Vladimir"]
[Result "0-1"]
[WhiteElo "2241"]
[BlackElo "2178"]
[PlyCount "110"]
[EventDate "2011.10.15"]
[EventType "team-tourn"]
[EventRounds "11"]
[EventCountry "SVK"]
[SourceTitle "EXT 2013"]
[Source "ChessBase"]
[SourceDate "2012.11.22"]
[SourceVersion "1"]
[SourceVersionDate "2012.11.22"]
[SourceQuality "1"]
[WhiteTeam "Sklene Patriots CC"]
[BlackTeam "Liptov Chess School"]
[WhiteTeamCountry "SVK"]
[BlackTeamCountry "SVK"]

1. e4 e6 2. d4 b6 3. Nf3 Bb7 4. Bd3 d6 5. 0-0 Nd7 6. Re1 Ne7 7. Nc3 g6 8. Ng5 h6 9. Nh3 Bg7 10. Be3 0-0 11. Qd2 Kh7 12. f3 c5 13. Ne2 cxd4 14. Nxd4 e5 15. Nb5 d5 16. Nd6 Bc6 17. exd5 Nxd5 18. Bf2 Nc5 19. Bxc5 bxc5 20. Nc4 Qc7 21. c3 Rad8 22. Rad1 Bd7 23. Nf2 Nf4 24. Qe3 Rfe8 25. Bf1 f5 26. g3 Nh5 27. Rd5 f4 28. Qxc5 Qxc5 29. Rxc5 fxg3 30. Ne4 gxh2+ 31. Kxh2 Be6 32. Nxe5 Bxa2 33. Nc6 Rd5 34. Rxd5 Bxd5 35. Nxa7 Ra8 36. Nb5 Ra2 37. Rb1 Bb3 38. Na3 Bd5 39. Bc4 Bxc4 40. Nxc4 Nf4 41. Rd1 g5 42. Kg3 Ra4 43. Ne3 Ra2 44. Rd2 Ra1 45. Kg4 Ng6 46. Nf5 Rg1+ 47. Neg3 Nf4 48. Rd7 Kg6 49. Rxg7+ Kf6 50. Rh7 h5+ 51. Rxh5 Nxh5 52. Kxh5 Rg2 53. b4 Rc2 54. Nd4 Rh2+ 55. Kg4 Rh4# 0-1

[Event "SVK-chT 1112"]
[Site "Slovakia"]
[Date "2012.02.11"]
[Round "7.6"]
[White "Jacko, Vladimir"]
[Black "Schwarz, Dusan"]
[Result "1/2-1/2"]
[WhiteElo "2178"]
[BlackElo "2286"]
[PlyCount "172"]
[EventDate "2011.10.22"]
[EventType "team-tourn"]
[EventRounds "11"]
[EventCountry "SVK"]
[SourceTitle "EXT 2013"]
[Source "ChessBase"]
[SourceDate "2012.11.22"]
[SourceVersion "1"]
[SourceVersionDate "2012.11.22"]
[SourceQuality "1"]
[WhiteTeam "Dunajov"]
[BlackTeam "Bratislava Doprastav"]
[WhiteTeamCountry "SVK"]
[BlackTeamCountry "SVK"]

1. e4 c5 2. Nf3 e6 3. d4 cxd4 4. Nxd4 a6 5. Nc3 b5 6. Bd3 Qb6 7. Nb3 Qc7 8. Qe2 Bb7 9. 0-0 Nf6 10. f4 b4 11. Nd1 d6 12. Nf2 Nc6 13. Be3 Be7 14. Rac1 0-0 15. c3 Qd7 16. c4 a5 17. Rfd1 Qc7 18. Nd2 Rfd8 19. Nf3 Bf8 20. c5 e5 21. cxd6 Bxd6 22. f5 Be7 23. Rc2 Rac8 24. Rdc1 Qb8 25. Bb6 Rf8 26. Bb5 Na7 27. Bxa7 Rxc2 28. Rxc2 Qxa7 29. Kh1 Bc5 30. Nd3 Bb6 31. Bc6 Ba6 32. Nfxe5 Bc7 33. Nc4 Qd4 34. Ne1 Rd8 35. g3 Ng4 36. b3 Ne5 37. Bd5 Bb6 38. Qg2 Qd1 39. Nxb6 Qxe1+ 40. Qg1 Qxg1+ 41. Kxg1 g6 42. fxg6 hxg6 43. Rc7 Rd6 44. Nc4 Bxc4 45. bxc4 Ra6 46. c5 a4 47. Re7 b3 48. a3 b2 49. Rb7 Ra5 50. c6 Rc5 51. Rxb2 Nxc6 52. Bxc6 Rxc6 53. Rb4 Rc2 54. Rxa4 Ra2 55. Ra7 Kg7 56. a4 Re2 57. Re7 Kf8 58. Re5 f6 59. Re6 Kf7 60. Ra6 Rxe4 61. Kf2 Rb4 62. Ke3 Rb2 63. h4 Rb3+ 64. Kf4 Rb4+ 65. Kf3 Rb3+ 66. Kg4 Rb4+ 67. Kh3 f5 68. a5 Rb3 69. Kg2 Ra3 70. Ra8 Kg7 71. a6 Kh7 72. Ra7+ Kh6 73. Ra8 Kg7 74. a7 Kh7 75. Kf2 Kg7 76. Ke2 Kh7 77. Kd2 Kg7 78. Kc2 Kh7 79. Kb2 Ra6 80. Kc3 Kg7 81. Kd4 Ra1 82. Ke5 Ra5+ 83. Ke6 Ra6+ 84. Ke7 Ra1 85. Kd7 Rd1+ 86. Ke6 Re1+ 1/2-1/2

[Event "SVK-chT2D 1112"]
[Site "Slovakia"]
[Date "2011.12.04"]
[Round "6.2"]
[White "Mnich, Jozef"]
[Black "Jacko, Vladimir"]
[Result "1-0"]
[WhiteElo "1984"]
[BlackElo "2026"]
[PlyCount "107"]
[EventDate "2011.10.08"]
[EventType "team-tourn"]
[EventRounds "11"]
[EventCountry "SVK"]
[SourceTitle "EXT 2013"]
[Source "ChessBase"]
[SourceDate "2012.11.22"]
[SourceVersion "1"]
[SourceVersionDate "2012.11.22"]
[SourceQuality "1"]
[WhiteTeam "Presov Tatran"]
[BlackTeam "Presov Tatran Dason"]
[WhiteTeamCountry "SVK"]
[BlackTeamCountry "SVK"]

1. e4 c5 2. c3 d5 3. exd5 Qxd5 4. d4 e5 5. dxe5 Qxd1+ 6. Kxd1 Nc6 7. Bb5 Bg4+ 8. f3 0-0-0+ 9. Ke1 Bd7 10. Bxc6 Bxc6 11. Bf4 Re8 12. Kf2 g5 13. Bxg5 Rxe5 14. Bf4 Rf5 15. Ne2 h5 16. Nd2 Nf6 17. Nc4 Rg8 18. Ne3 Rxf4 19. Nxf4 Bh6 20. g3 h4 21. Nf5 Bf8 22. Nxh4 Kc7 23. c4 Bd6 24. Nd5+ Nxd5 25. cxd5 Bxd5 26. Nf5 Be5 27. Ne7 Bd4+ 28. Kg2 Rg5 29. Nxd5+ Rxd5 30. Rad1 Kc6 31. Rd2 b5 32. h4 c4 33. h5 b4 34. h6 c3 35. bxc3 bxc3 36. Rc2 Bh8 37. h7 Kc5 38. g4 Kc4 39. Rhc1 Rd8 40. Re2 Kb4 41. Rcc2 Kc4 42. f4 Kd3 43. f5 Rb8 44. g5 Bd4 45. Kf3 Rh8 46. Rh2 Be5 47. g6 fxg6 48. fxg6 Rc8 49. Kg4 Rf8 50. Rcf2 Rc8 51. Rh3+ Kd4 52. Rc2 Kd5 53. Rh5 Rc4+ 54. Kh3 1-0

[Event "SVK-chT 1112"]
[Site "Slovakia"]
[Date "2011.11.27"]
[Round "4.6"]
[White "Jacko, Vladimir"]
[Black "Bombek, Peter"]
[Result "0-1"]
[WhiteElo "2178"]
[BlackElo "2179"]
[PlyCount "136"]
[EventDate "2011.10.22"]
[EventType "team-tourn"]
[EventRounds "11"]
[EventCountry "SVK"]
[SourceTitle "EXT 2013"]
[Source "ChessBase"]
[SourceDate "2012.11.22"]
[SourceVersion "1"]
[SourceVersionDate "2012.11.22"]
[SourceQuality "1"]
[WhiteTeam "Dunajov"]
[BlackTeam "Dubnica nad Vahom"]
[WhiteTeamCountry "SVK"]
[BlackTeamCountry "SVK"]

1. g3 d5 2. Nf3 c6 3. Bg2 Nf6 4. d4 Bg4 5. Nbd2 Nbd7 6. b3 e6 7. Bb2 Bd6 8. Ne5 Bf5 9. c4 0-0 10. 0-0 Qc7 11. Nxd7 Qxd7 12. f3 Rfe8 13. e4 dxe4 14. Nxe4 Be7 15. Qe2 h6 16. Rad1 Red8 17. Kh1 a5 18. a4 Rab8 19. Bc3 Qc7 20. Qe1 Ra8 21. Rf2 b6 22. Rfd2 Nxe4 23. fxe4 Bg4 24. Rb1 Bg5 25. Rf2 Rd7 26. Rf1 Be7 27. Qf2 Bb4 28. Ba1 Rb8 29. Qb2 e5 30. d5 f6 31. h3 Bh5 32. Qf2 Bg6 33. Rbd1 b5 34. cxb5 cxb5 35. Rc1 Qb7 36. Rc6 bxa4 37. bxa4 Rd6 38. Qa2 Be8 39. Rc4 Qd7 40. Qf2 Qxa4 41. Bxe5 fxe5 42. Qf8+ Kh7 43. Qf5+ Bg6 44. Qxe5 Qe8 45. Qd4 Rc8 46. Rfc1 Rxc4 47. Rxc4 Rd8 48. e5 Rc8 49. Rc6 Rxc6 50. dxc6 Qf7 51. Qf4 Qxf4 52. gxf4 Bf5 53. Bd5 Bc8 54. Bf7 a4 55. Kg2 a3 56. Kf3 Bxh3 57. Ba2 Bc8 58. f5 Bxf5 59. e6 Bxe6 60. Bxe6 Bd6 61. Bf7 g6 62. Ke4 Kg7 63. Ba2 Kf6 64. Kd5 Bc7 65. Ke4 h5 66. Kf3 g5 67. Kg2 Ke5 68. Kf3 Kd6 0-1

[Event "SVK-ch op-A"]
[Site "Banska Stiavnica"]
[Date "2011.07.17"]
[Round "9"]
[White "Jacko, Vladimir"]
[Black "Medvegyne Balogh, Emese"]
[Result "1-0"]
[WhiteElo "2200"]
[BlackElo "2084"]
[PlyCount "77"]
[EventDate "2011.07.09"]
[EventType "swiss"]
[EventRounds "9"]
[EventCountry "SVK"]
[SourceTitle "CBM 143 Extra"]
[Source "ChessBase"]
[SourceDate "2011.08.29"]
[SourceVersion "1"]
[SourceVersionDate "2011.08.29"]
[SourceQuality "1"]

1. e4 d5 2. exd5 Qxd5 3. Nc3 Qd6 4. d4 Nf6 5. Nf3 c6 6. h3 Bf5 7. g3 e6 8. Bg2 Qc7 9. 0-0 Bd6 10. Ne5 Nd5 11. Nc4 Be7 12. Ne3 Nxe3 13. Bxe3 0-0 14. f4 h6 15. g4 Bh7 16. f5 exf5 17. gxf5 Nd7 18. Bf4 Qb6 19. Qd3 Bf6 20. Rad1 Rad8 21. Ne4 Qxb2 22. c3 Qb5 23. Qg3 Qxf5 24. Nd6 Qe6 25. Nxb7 Rde8 26. Nd6 Rd8 27. Rde1 Qxa2 28. Bxh6 Bg6 29. Be4 Kh7 30. Bc1 Qb3 31. Rf3 Rh8 32. Kh1 Bxe4 33. Nxe4 Qd5 34. Qg4 c5 35. Rg1 g6 36. Qxd7 Qxe4 37. Qxf7+ Bg7 38. Rg4 Rd5 39. Rxe4 1-0

[Event "SVK-ch op-A"]
[Site "Banska Stiavnica"]
[Date "2011.07.16"]
[Round "8"]
[White "Jacko, Vladimir"]
[Black "Dolnak, Michal"]
[Result "1/2-1/2"]
[WhiteElo "2200"]
[BlackElo "2043"]
[PlyCount "63"]
[EventDate "2011.07.09"]
[EventType "swiss"]
[EventRounds "9"]
[EventCountry "SVK"]
[SourceTitle "CBM 143 Extra"]
[Source "ChessBase"]
[SourceDate "2011.08.29"]
[SourceVersion "1"]
[SourceVersionDate "2011.08.29"]
[SourceQuality "1"]

1. e4 e5 2. Nf3 Nc6 3. Bc4 Bc5 4. 0-0 Nf6 5. d4 exd4 6. e5 d5 7. exf6 dxc4 8. Re1+ Be6 9. Ng5 Qd5 10. Nc3 Qf5 11. Nce4 0-0-0 12. g4 Qe5 13. fxg7 Rhg8 14. Nxe6 fxe6 15. Bh6 Be7 16. Qf3 Qd5 17. g5 Ne5 18. Qf4 Ng6 19. Qg3 Qf5 20. b3 c3 21. Rad1 Bd6 22. Nxd6+ Rxd6 23. Rd3 Nf4 24. Rf3 e5 25. Rxe5 Qxe5 26. Rxf4 Qe1+ 27. Kg2 Rdd8 28. Qg4+ Kb8 29. Rxd4 Rxd4 30. Qxd4 Qd2 31. Qc4 Rxg7 32. Bxg7 1/2-1/2